000 00932cam a2200253Ia 4500
020 _a9781615640652
020 _a1615640657
040 _cIEP
082 0 4 _a657 ALP 2011 A054 Or.
100 1 _aEpstein, Lita.
245 1 4 _aThe complete idiot's guide to accounting /
246 3 0 _aIdiot's guide to accounting
246 3 0 _aGuide to accounting
246 3 0 _aAccounting
250 _a3rd ed.
260 _aIndianapolis, IN :
_bAlpha,
_cc2011.
300 _axi, 337 p. :
_bill. ;
_c24 cm.
490 1 _aComplete idiot's guide
500 _aIncludes index.
520 _aAccurate accounting is key to a successful business. This guide has been updated to include the latest information on changes in the tax codes and health-care benefits. You'll have everything you need to know to manage your dollars and cents and keep your accounts in order.
650 0 _aAccounting.
700 1 _aMoore, Shellie L.
942 _cEK
999 _c15049
_d15049